[Event "Anderssen Festival 2019"]
[Site "Wroclaw"]
[Date "2019.08.10"]
[Round "8.8"]
[White "Lugovskoy, Maxim"]
[Black "Chernyshov, Konstantin"]
[Result "1-0"]
[WhiteElo "2425"]
[BlackElo "2446"]
[Annotator "NA"]
[PlyCount "113"]
[EventDate "2019.08.05"]
[EventType "swiss"]
[EventCountry "POL"]
[SourceTitle "playchess.com"]
[Source "ChessBase"]
[SourceQuality "1"]
[TimeControl "40/5400+30:900+30"]

1. d4 e6 2. e4 d5 3. Nd2 dxe4 4. Nxe4 Nd7 5. g3 Ngf6 6. Nxf6+ Nxf6 7. Bg2 e5 8. Qe2 Qxd4 9. Nf3 Qe4 10. Qxe4 Nxe4 11. Nxe5 Nd6 12. O-O Be7 13. Re1 Be6 14. c4 O-O-O 15. Nxf7 Nxf7 16. Rxe6 Rd1+ 17. Bf1 Bf6 18. Kg2 Ne5 19. f4 Nd3 20. Bxd3 Rxd3 21. Re1 Kd7 22. f5 Rb8 23. a4 Re8 24. Rxe8 Kxe8 25. Bf4 Rb3 26. Re1+ Kd7 27. g4 Rxb2+ 28. Kf3 h6 29. Re6 Rb3+ 30. Ke4 Rc3 31. Bxh6 Rxc4+ 32. Kf3 Rxa4 33. Bc1 Rc4 34. Bd2 Rc2 35. Re2 b5 36. g5 Ba1 37. h4 Rc5 38. f6 Bxf6 39. gxf6 Rf5+ 40. Kg4 Rxf6 41. Bb4 Rc6 42. Kg5 Rc4 43. Bf8 g6 44. Be7 b4 45. Kxg6 b3 46. Bf6 a5 47. h5 Rg4+ 48. Kf7 Rg1 49. Rh2 a4 50. h6 a3 51. h7 b2 52. h8=Q b1=Q 53. Qe8+ Kd6 54. Qe6+ Kc5 55. Rh5+ Kb4 56. Be7+ Kc3 57. Qe3+ 1-0

[Event "Anderssen Festival 2019"]
[Site "Wroclaw"]
[Date "2019.08.10"]
[Round "8.9"]
[White "Kowalczuk, Mikolaj"]
[Black "Snihur, Piotr"]
[Result "1/2-1/2"]
[WhiteElo "1942"]
[BlackElo "2256"]
[Annotator "NA"]
[PlyCount "42"]
[EventDate "2019.08.05"]
[EventType "swiss"]
[EventCountry "POL"]
[SourceTitle "playchess.com"]
[Source "ChessBase"]
[SourceQuality "1"]
[TimeControl "40/5400+30:900+30"]

1. d4 Nf6 2. c4 e5 3. dxe5 Ng4 4. Bf4 Nc6 5. Nf3 Bb4+ 6. Nbd2 Qe7 7. a3 Bxd2+ 8. Qxd2 Ngxe5 9. Nxe5 Nxe5 10. e3 d6 11. Be2 O-O 12. O-O b6 13. b4 Bb7 14. Qc3 c5 15. bxc5 bxc5 16. Rfd1 Rad8 17. Rab1 Bc6 18. Rb2 Ng6 19. Bg3 f5 20. Bf1 Rf6 21. Qa5 Re6 1/2-1/2

[Event "Anderssen Festival 2019"]
[Site "Wroclaw"]
[Date "2019.08.10"]
[Round "8.10"]
[White "Mitchell, Martin"]
[Black "Socha, Kamil"]
[Result "1-0"]
[WhiteElo "2218"]
[BlackElo "1741"]
[Annotator "NA"]
[PlyCount "167"]
[EventDate "2019.08.05"]
[EventType "swiss"]
[EventCountry "POL"]
[SourceTitle "playchess.com"]
[Source "ChessBase"]
[SourceQuality "1"]
[TimeControl "40/5400+30:900+30"]

1. d4 Nf6 2. c4 e6 3. Nc3 Bb4 4. e3 O-O 5. Nge2 d5 6. a3 Be7 7. cxd5 exd5 8. Nf4 c6 9. Bd3 Re8 10. O-O Nbd7 11. b4 b5 12. e4 dxe4 13. Nxe4 a5 14. bxa5 Rxa5 15. Qb3 Qc7 16. Ng5 Rf8 17. Nfe6 fxe6 18. Qxe6+ Kh8 19. Qxe7 Re8 20. Qd6 Qxd6 21. Nf7+ Kg8 22. Nxd6 Rd8 23. Bf5 Nb6 24. Nxc8 Nxc8 25. Be6+ Kf8 26. Bd2 Ra7 27. Bb4+ Ne7 28. Rac1 Nfd5 29. Bc5 Rb7 30. g3 g6 31. Rfe1 Kg7 32. f4 Ra8 33. Bg4 Ra4 34. Bd1 Ra8 35. Re6 Kf7 36. Rd6 b4 37. axb4 Nxb4 38. Rb1 Rab8 39. Bb3+ Nbd5 40. Bxd5+ cxd5 41. Rxb7 Rxb7 42. g4 Rc7 43. Rd8 h6 44. Kf2 Ng8 45. h3 Nf6 46. Kf3 Nd7 47. Bd6 Rc3+ 48. Kg2 Nf6 49. Rf8+ Kg7 50. Ra8 Rc2+ 51. Kf3 Rc3+ 52. Ke2 Ne4 53. Be5+ Kf7 54. Ra7+ Ke6 55. Rg7 Rxh3 56. Rxg6+ Kf7 57. Rg7+ Ke8 58. f5 Ng5 59. Bf4 Nf7 60. Rg6 Ke7 61. Be5 Rb3 62. Re6+ Kd7 63. Bf4 Rh3 64. Kf2 Rh4 65. Kg3 Rh1 66. Ra6 Rg1+ 67. Kh3 Rf1 68. Ra7+ Ke8 69. Be5 Re1 70. Bf6 Ng5+ 71. Bxg5 hxg5 72. Rg7 Re3+ 73. Kg2 Re4 74. Rxg5 Rxd4 75. Kf3 Rd1 76. Rg6 Kf7 77. Rd6 Ke7 78. Re6+ Kf7 79. g5 Rf1+ 80. Kg4 Rg1+ 81. Kf4 d4 82. g6+ Kg7 83. Re7+ Kh6 84. Rh7# 1-0

[Event "Anderssen Festival 2019"]
[Site "Wroclaw"]
[Date "2019.08.10"]
[Round "8.11"]
[White "Smal, Tobiasz"]
[Black "Rog, Mateusz"]
[Result "1-0"]
[WhiteElo "2027"]
[BlackElo "1473"]
[Annotator "NA"]
[PlyCount "71"]
[EventDate "2019.08.05"]
[EventType "swiss"]
[EventCountry "POL"]
[SourceTitle "playchess.com"]
[Source "ChessBase"]
[SourceQuality "1"]
[TimeControl "40/5400+30:900+30"]

1. c4 {[%emt 0:00:00]} Nf6 {[%emt 0:00:00]} 2. Nc3 {[%emt 0:00:24]} g6 {[%emt 0:00:00]} 3. e4 {[%emt 0:02:01]} d6 {[%emt 0:00:11]} 4. d4 {[%emt 0:00:18]} Bg7 {[%emt 0:00:14]} 5. f3 {[%emt 0:00:35]} O-O {[%emt 0:00:09]} 6. Be3 {[%emt 0:00:04]} e5 {[%emt 0:00:17]} 7. Nge2 {[%emt 0:00:55]} Nbd7 {[%emt 0:01:18]} 8. Qd2 {[%emt 0:00:20]} c6 {[%emt 0:00:25]} 9. O-O-O {[%emt 0:07:21]} a6 {[%emt 0:01:35]} 10. Kb1 {[%emt 0:04:06]} b5 {[%emt 0:04:08]} 11. Nc1 {[%emt 0:08:09]} b4 {[%emt 0:03:11]} 12. N3e2 {[%emt 0:00:40]} a5 {[%emt 0:00:23]} 13. Bh6 {[%emt 0:00:48]} Rb8 {[%emt 0:07:31]} 14. h4 {[%emt 0:00:35]} a4 {[%emt 0:00:45]} 15. h5 {[%emt 0:01:02]} Qe7 {[%emt 0:14:39]} 16. Ng3 {[%emt 0:04:10]} Re8 {[%emt 0:05:51]} 17. Bxg7 {[%emt 0:03:17]} Kxg7 {[%emt 0:00:05]} 18. Qg5 {[%emt 0:02:06]} Kh8 {[%emt 0:04:11]} 19. hxg6 {[%emt 0:01:08]} fxg6 {[%emt 0:00:08]} 20. Qxg6 {[%emt 0:00:48]} Nf8 {[%emt 0:03:03]} 21. Qh6 {[%emt 0:00:32]} Ng8 {[%emt 0:00:26]} 22. Qe3 {[%emt 0:01:33]} a3 {[%emt 0:05:41]} 23. b3 {[%emt 0:00:33]} Qa7 {[%emt 0:00:55]} 24. c5 {[%emt 0:03:00]} dxc5 {[%emt 0:04:23]} 25. dxc5 {[%emt 0:03:42]} Nd7 {[%emt 0:04:03]} 26. Nd3 {[%emt 0:01:18]} Ndf6 {[%emt 0:03:57]} 27. Nh5 {[%emt 0:02:39]} Qf7 {[%emt 0:02:09]} 28. Qg5 {[%emt 0:01:51]} Nxh5 {[%emt 0:07:06]} 29. Rxh5 {[%emt 0:01:02]} Nf6 {[%emt 0:06:39]} 30. Nxe5 {[%emt 0:00:47]} Qxh5 {[%emt 0:00:47]} 31. Qxf6+ {[%emt 0:00:06]} Kg8 {[%emt 0:00:10]} 32. Bc4+ {[%emt 0:00:10]} Be6 {[%emt 0:00:31]} 33. Bxe6+ {[%emt 0:00:07]} Rxe6 {[%emt 0:00:24]} 34. Qxe6+ {[%emt 0:00:08]} Kh8 {[%emt 0:00:16]} 35. Qf6+ {[%emt 0:01:27]} Kg8 {[%emt 0:00:05]} 36. Ng4 {[%emt 0:00:15]} 1-0

[Event "Anderssen Festival 2019"]
[Site "Wroclaw"]
[Date "2019.08.10"]
[Round "8.13"]
[White "Luberanski, Jakub"]
[Black "Ochman, Sebastian"]
[Result "1/2-1/2"]
[WhiteElo "2010"]
[BlackElo "1789"]
[Annotator "NA"]
[PlyCount "120"]
[EventDate "2019.08.05"]
[EventType "swiss"]
[EventCountry "POL"]
[SourceTitle "playchess.com"]
[Source "ChessBase"]
[SourceQuality "1"]
[TimeControl "40/5400+30:900+30"]

1. d4 {[%emt 0:00:00]} d5 {[%emt 0:00:00]} 2. c4 {[%emt 0:00:00]} c6 {[%emt 0:00:53]} 3. Nf3 {[%emt 0:00:00]} e6 {[%emt 0:00:14]} 4. Nc3 {[%emt 0:00:06]} dxc4 {[%emt 0:00:15]} 5. a4 {[%emt 0:04:06]} Bb4 {[%emt 0:00:32]} 6. e4 {[%emt 0:00:26]} b5 {[%emt 0:10:20]} 7. Bd2 {[%emt 0:01:43]} a5 {[%emt 0:05:11]} 8. axb5 {[%emt 0:01:19]} Bxc3 {[%emt 0:00:09]} 9. bxc3 {[%emt 0:01:15]} cxb5 {[%emt 0:00:21]} 10. Be2 {[%emt 0:01:43]} Nc6 {[%emt 0:10:35]} 11. e5 {[%emt 0:04:56]} h6 {[%emt 0:09:00]} 12. Qc2 {[%emt 0:02:02]} Nge7 {[%emt 0:01:10]} 13. h4 {[%emt 0:12:05]} Ba6 {[%emt 0:02:59]} 14. O-O {[%emt 0:05:33]} O-O {[%emt 0:01:51]} 15. h5 {[%emt 0:04:23]} b4 {[%emt 0:17:28]} 16. cxb4 {[%emt 0:02:02]} axb4 {[%emt 0:00:11]} 17. Bxc4 {[%emt 0:02:31]} Bxc4 {[%emt 0:00:21]} 18. Qxc4 {[%emt 0:04:48]} Rxa1 {[%emt 0:04:29]} 19. Rxa1 {[%emt 0:00:07]} Qd5 {[%emt 0:00:05]} 20. Qxd5 {[%emt 0:04:38]} Nxd5 {[%emt 0:00:11]} 21. Kf1 {[%emt 0:00:39]} Rc8 {[%emt 0:13:46]} 22. Rc1 {[%emt 0:05:34]} Kf8 {[%emt 0:02:01]} 23. Ke2 {[%emt 0:01:08]} Ke8 {[%emt 0:00:58]} 24. Kd3 {[%emt 0:08:31]} Kd7 {[%emt 0:00:41]} 25. g4 {[%emt 0:03:30]} Ra8 {[%emt 0:01:11]} 26. g5 {[%emt 0:09:20]} Ra3+ {[%emt 0:02:21]} 27. Ke4 {[%emt 0:00:12]} f5+ {[%emt 0:02:15]} 28. gxf6 {[%emt 0:06:51]} gxf6 {[%emt 0:00:02]} 29. Nh4 {[%emt 0:01:04]} Rh3 {[%emt 0:00:47]} 30. Nf5 {[%emt 0:00:23]} Rxh5 {[%emt 0:01:54]} 31. Ng7 {[%emt 0:03:29]} Rh4+ {[%emt 0:00:49]} 32. f4 {[%emt 0:00:20]} Nce7 {[%emt 0:07:07]} 33. exf6 {[%emt 0:00:27]} Nxf6+ {[%emt 0:00:01]} 34. Ke5 {[%emt 0:00:11]} Ng4+ {[%emt 0:01:17]} 35. Ke4 {[%emt 0:00:05]} Nd5 {[%emt 0:00:14]} 36. Nxe6 {[%emt 0:02:58]} Kxe6 {[%emt 0:02:04]} 37. Rc6+ {[%emt 0:00:06]} Kd7 {[%emt 0:00:03]} 38. Kxd5 {[%emt 0:00:46]} Rh5+ {[%emt 0:00:06]} 39. f5 {[%emt 0:00:03]} Rxf5+ {[%emt 0:01:02]} 40. Ke4 {[%emt 0:00:00]} Kxc6 {[%emt 0:00:00]} 41. Kxf5 {[%emt 0:00:12]} b3 {[%emt 0:06:06]} 42. d5+ {[%emt 0:06:33]} Kxd5 {[%emt 0:00:16]} 43. Bc3 {[%emt 0:00:05]} Kc4 {[%emt 0:05:20]} 44. Ba1 {[%emt 0:00:32]} Ne3+ {[%emt 0:01:07]} 45. Kg6 {[%emt 0:00:15]} Nc2 {[%emt 0:00:34]} 46. Bb2 {[%emt 0:00:17]} Kd3 {[%emt 0:00:20]} 47. Kxh6 {[%emt 0:00:08]} Nb4 {[%emt 0:00:53]} 48. Kg5 {[%emt 0:01:16]} Kc2 {[%emt 0:00:21]} 49. Ba1 {[%emt 0:00:20]} Na2 {[%emt 0:01:01]} 50. Kg4 {[%emt 0:00:27]} Kb1 {[%emt 0:00:19]} 51. Bg7 {[%emt 0:00:05]} Kc1 {[%emt 0:00:43]} 52. Ba1 {[%emt 0:02:07]} Kb1 {[%emt 0:01:00]} 53. Bg7 {[%emt 0:00:06]} Kc2 {[%emt 0:00:02]} 54. Ba1 {[%emt 0:00:06]} Kd2 {[%emt 0:00:34]} 55. Kh3 {[%emt 0:00:41]} Nb4 {[%emt 0:01:06]} 56. Kh2 {[%emt 0:00:16]} Kc1 {[%emt 0:00:11]} 57. Kh1 {[%emt 0:00:33]} Nc2 {[%emt 0:00:17]} 58. Bg7 {[%emt 0:00:15]} Ne3 {[%emt 0:00:37]} 59. Ba1 {[%emt 0:00:18]} b2 {[%emt 0:00:26]} 60. Bxb2+ {[%emt 0:00:04]} Kxb2 {[%emt 0:00:06]} 1/2-1/2

[Event "Anderssen Festival 2019"]
[Site "Wroclaw"]
[Date "2019.08.10"]
[Round "8.14"]
[White "Glotz, Uwe"]
[Black "Wieczorek, Zbigniew"]
[Result "0-1"]
[WhiteElo "1843"]
[BlackElo "2235"]
[Annotator "NA"]
[PlyCount "78"]
[EventDate "2019.08.05"]
[EventType "swiss"]
[EventCountry "POL"]
[SourceTitle "playchess.com"]
[Source "ChessBase"]
[SourceQuality "1"]
[TimeControl "40/5400+30:900+30"]

1. e4 g6 2. d4 Bg7 3. f4 c6 4. Nf3 d5 5. e5 Nh6 6. h3 f6 7. Be2 Bf5 8. O-O O-O 9. g4 Be4 10. Bd3 Bxf3 11. Rxf3 fxe5 12. dxe5 e6 13. Kg2 Nd7 14. g5 Nf5 15. Bxf5 Rxf5 16. h4 Qe7 17. Rh3 Raf8 18. Be3 c5 19. c3 Qf7 20. Na3 a6 21. Nc2 Rxf4 22. Bxf4 Qxf4 23. Qe2 Nxe5 24. Rf1 Qxf1+ 25. Qxf1 Rxf1 26. Kxf1 Nc4 27. b3 Nd2+ 28. Ke2 Ne4 29. c4 d4 30. a4 Nc3+ 31. Kd2 e5 32. Rh1 e4 33. Re1 Be5 34. Rf1 Bg3 35. h5 Bh4 36. Rg1 gxh5 37. g6 h6 38. Rf1 Bg5+ 39. Ke1 d3 0-1

[Event "Anderssen Festival 2019"]
[Site "Wroclaw"]
[Date "2019.08.10"]
[Round "8.15"]
[White "Owoc, Jakub"]
[Black "Verwoert, Jef"]
[Result "1/2-1/2"]
[WhiteElo "1614"]
[BlackElo "2034"]
[Annotator "NA"]
[PlyCount "47"]
[EventDate "2019.08.05"]
[EventType "swiss"]
[EventCountry "POL"]
[SourceTitle "playchess.com"]
[Source "ChessBase"]
[SourceQuality "1"]
[TimeControl "40/5400+30:900+30"]

1. e4 {[%emt 0:00:00]} c5 {[%emt 0:00:00]} 2. c3 {[%emt 0:00:00]} e6 {[%emt 0:00:00]} 3. d4 {[%emt 0:00:03]} d5 {[%emt 0:00:19]} 4. exd5 {[%emt 0:00:31]} Qxd5 {[%emt 0:00:24]} 5. Nf3 {[%emt 0:00:19]} Nc6 {[%emt 0:01:32]} 6. Be3 {[%emt 0:00:56]} cxd4 {[%emt 0:01:01]} 7. cxd4 {[%emt 0:00:24]} Nf6 {[%emt 0:00:32]} 8. Nc3 {[%emt 0:00:09]} Qa5 {[%emt 0:01:08]} 9. Bc4 {[%emt 0:00:47]} Be7 {[%emt 0:03:06]} 10. O-O {[%emt 0:01:35]} O-O {[%emt 0:01:10]} 11. h3 {[%emt 0:00:23]} a6 {[%emt 0:01:08]} 12. a4 {[%emt 0:15:21]} Rd8 {[%emt 0:05:10]} 13. Qe2 {[%emt 0:06:21]} Qh5 {[%emt 0:05:36]} 14. Rfd1 {[%emt 0:03:27]} Nd5 {[%emt 0:02:18]} 15. Ne4 {[%emt 0:01:43]} Nxe3 {[%emt 0:14:33]} 16. Qxe3 {[%emt 0:00:26]} Nb4 {[%emt 0:02:43]} 17. Qe2 {[%emt 0:03:37]} Nd5 {[%emt 0:09:24]} 18. Ng3 {[%emt 0:04:01]} Qg6 {[%emt 0:01:42]} 19. Ne5 {[%emt 0:07:16]} Qg5 {[%emt 0:04:27]} 20. Ne4 {[%emt 0:05:06]} Qf5 {[%emt 0:05:12]} 21. Ng3 {[%emt 0:02:40]} Qf4 {[%emt 0:02:30]} 22. Qe4 {[%emt 0:04:31]} Qxe4 {[%emt 0:05:10]} 23. Nxe4 {[%emt 0:01:37]} f6 {[%emt 0:03:09]} 24. Nf3 {[%emt 0:01:18]} 1/2-1/2

[Event "Anderssen Festival 2019"]
[Site "Wroclaw"]
[Date "2019.08.10"]
[Round "8.16"]
[White "Jablonska, Sabina"]
[Black "Zerebiec, Maurycy"]
[Result "1/2-1/2"]
[WhiteElo "1963"]
[BlackElo "1708"]
[Annotator "NA"]
[PlyCount "151"]
[EventDate "2019.08.05"]
[EventType "swiss"]
[EventCountry "POL"]
[SourceTitle "playchess.com"]
[Source "ChessBase"]
[SourceQuality "1"]
[TimeControl "40/5400+30:900+30"]

1. d4 {[%emt 0:00:00]} Nf6 {[%emt 0:01:13]} 2. Bf4 {[%emt 0:00:00]} d5 {[%emt 0:00:21]} 3. e3 {[%emt 0:00:00]} c5 {[%emt 0:00:18]} 4. c3 {[%emt 0:00:00]} Nc6 {[%emt 0:00:26]} 5. Nd2 {[%emt 0:00:03]} Bf5 {[%emt 0:00:38]} 6. Qb3 {[%emt 0:01:24]} Qb6 {[%emt 0:00:35]} 7. dxc5 {[%emt 0:01:39]} Qxb3 {[%emt 0:00:05]} 8. axb3 {[%emt 0:03:59]} e5 {[%emt 0:00:20]} 9. Bg3 {[%emt 0:03:11]} Bxc5 {[%emt 0:01:05]} 10. b4 {[%emt 0:00:33]} Bd6 {[%emt 0:00:07]} 11. b5 {[%emt 0:00:34]} Ne7 {[%emt 0:01:05]} 12. Ngf3 {[%emt 0:01:22]} Nd7 {[%emt 0:01:16]} 13. Be2 {[%emt 0:13:09]} f6 {[%emt 0:03:46]} 14. O-O {[%emt 0:05:23]} h5 {[%emt 0:06:14]} 15. h4 {[%emt 0:02:00]} Bg4 {[%emt 0:00:16]} 16. e4 {[%emt 0:05:56]} Nc5 {[%emt 0:11:11]} 17. exd5 {[%emt 0:08:36]} Nxd5 {[%emt 0:00:10]} 18. Bc4 {[%emt 0:02:48]} Nb6 {[%emt 0:01:21]} 19. b4 {[%emt 0:01:57]} Nca4 {[%emt 0:02:07]} 20. Ne4 {[%emt 0:06:47]} Nxc4 {[%emt 0:02:08]} 21. Rxa4 {[%emt 0:01:12]} Bf5 {[%emt 0:01:04]} 22. Nxd6+ {[%emt 0:14:25]} Nxd6 {[%emt 0:03:02]} 23. Rfa1 {[%emt 0:03:54]} Nc8 {[%emt 0:06:50]} 24. Nd2 {[%emt 0:03:20]} Bd3 {[%emt 0:00:44]} 25. c4 {[%emt 0:00:56]} O-O {[%emt 0:01:10]} 26. R4a3 {[%emt 0:02:01]} Rd8 {[%emt 0:09:09]} 27. f3 {[%emt 0:06:25]} Bc2 {[%emt 0:01:17]} 28. Nf1 {[%emt 0:02:24]} Rd3 {[%emt 0:04:24]} 29. Bf2 {[%emt 0:01:46]} Rxa3 {[%emt 0:03:58]} 30. Rxa3 {[%emt 0:00:03]} Nd6 {[%emt 0:01:12]} 31. b6 {[%emt 0:02:33]} a6 {[%emt 0:01:48]} 32. Ne3 {[%emt 0:00:30]} Bg6 {[%emt 0:01:11]} 33. Ra1 {[%emt 0:00:49]} Bf7 {[%emt 0:11:08]} 34. c5 {[%emt 0:00:07]} Nb5 {[%emt 0:00:15]} 35. Rd1 {[%emt 0:04:21]} Nd4 {[%emt 0:00:08]} 36. Nf1 {[%emt 0:01:55]} Nc6 {[%emt 0:00:05]} 37. Rb1 {[%emt 0:00:29]} Be6 {[%emt 0:01:37]} 38. Ng3 {[%emt 0:01:03]} Bf7 {[%emt 0:00:44]} 39. Rb2 {[%emt 0:00:16]} Bg6 {[%emt 0:00:06]} 40. Be1 {[%emt 0:00:00]} Rd8 {[%emt 0:00:00]} 41. Ne2 {[%emt 0:03:13]} Kf7 {[%emt 0:05:38]} 42. Nc3 {[%emt 0:00:24]} Bd3 {[%emt 0:01:33]} 43. Bf2 {[%emt 0:02:14]} Ke6 {[%emt 0:00:21]} 44. Be3 {[%emt 0:01:53]} Kf5 {[%emt 0:06:14]} 45. Kf2 {[%emt 0:01:44]} g5 {[%emt 0:00:25]} 46. hxg5 {[%emt 0:00:34]} fxg5 {[%emt 0:00:05]} 47. Bd2 {[%emt 0:01:19]} Nd4 {[%emt 0:03:05]} 48. Nd1 {[%emt 0:00:55]} Nc2 {[%emt 0:00:38]} 49. Bc3 {[%emt 0:02:00]} e4 {[%emt 0:02:09]} 50. Rxc2 {[%emt 0:00:38]} Bxc2 {[%emt 0:00:05]} 51. Ne3+ {[%emt 0:00:03]} Ke6 {[%emt 0:01:03]} 52. Nxc2 {[%emt 0:00:05]} Rd3 {[%emt 0:00:56]} 53. Be1 {[%emt 0:02:39]} exf3 {[%emt 0:00:29]} 54. gxf3 {[%emt 0:00:09]} Rd7 {[%emt 0:06:23]} 55. Ke3 {[%emt 0:00:37]} Kd5 {[%emt 0:03:02]} 56. Bg3 {[%emt 0:00:57]} Re7+ {[%emt 0:04:43]} 57. Kd3 {[%emt 0:00:16]} Rf7 {[%emt 0:02:58]} 58. Ne3+ {[%emt 0:02:19]} Kc6 {[%emt 0:00:11]} 59. Ke4 {[%emt 0:00:28]} Re7+ {[%emt 0:00:11]} 60. Be5 {[%emt 0:01:10]} a5 {[%emt 0:00:42]} 61. bxa5 {[%emt 0:01:40]} Kxc5 {[%emt 0:00:28]} 62. Nf5 {[%emt 0:00:10]} Rh7 {[%emt 0:00:48]} 63. Bc7 {[%emt 0:01:29]} Kb5 {[%emt 0:00:54]} 64. Nd6+ {[%emt 0:00:02]} Kc6 {[%emt 0:00:09]} 65. Kf5 {[%emt 0:00:55]} h4 {[%emt 0:00:42]} 66. Kxg5 {[%emt 0:00:28]} h3 {[%emt 0:00:08]} 67. Ne4 {[%emt 0:00:47]} h2 {[%emt 0:00:23]} 68. Nf2 {[%emt 0:00:19]} h1=Q {[%emt 0:01:52]} 69. Nxh1 {[%emt 0:00:03]} Rxh1 {[%emt 0:00:07]} 70. f4 {[%emt 0:00:08]} Ra1 {[%emt 0:00:04]} 71. f5 {[%emt 0:00:29]} Rxa5 {[%emt 0:00:05]} 72. Kg6 {[%emt 0:00:13]} Ra1 {[%emt 0:00:14]} 73. f6 {[%emt 0:02:00]} Rg1+ {[%emt 0:00:16]} 74. Kf7 {[%emt 0:00:36]} Kd7 {[%emt 0:00:08]} 75. Bf4 {[%emt 0:00:44]} Rb1 {[%emt 0:01:18]} 76. Bc7 {[%emt 0:00:27]} 1/2-1/2

[Event "Anderssen Festival 2019"]
[Site "Wroclaw"]
[Date "2019.08.10"]
[Round "8.17"]
[White "Pawicka, Magdalena"]
[Black "Korpalski, Maciej"]
[Result "0-1"]
[WhiteElo "1700"]
[BlackElo "1954"]
[Annotator "NA"]
[PlyCount "70"]
[EventDate "2019.08.05"]
[EventType "swiss"]
[EventCountry "POL"]
[SourceTitle "playchess.com"]
[Source "ChessBase"]
[SourceQuality "1"]
[TimeControl "40/5400+30:900+30"]

1. e4 c5 2. Nf3 d6 3. d4 cxd4 4. Nxd4 Nf6 5. Nc3 a6 6. Be3 e6 7. f3 b5 8. Qd2 Nbd7 9. g4 Nb6 10. O-O-O Nfd7 11. Qf2 Bb7 12. Bd3 b4 13. Nce2 Qc7 14. Kb1 d5 15. Ng3 Bc5 16. h4 Na4 17. Nh5 O-O 18. Nb3 Bd6 19. g5 a5 20. Qd2 Be5 21. Bd4 Bxd4 22. Nxd4 dxe4 23. Bxe4 Bxe4 24. fxe4 Ne5 25. Qf4 Nxb2 26. Nb5 Qc5 27. Kxb2 Qxb5 28. Qg3 Nc4+ 29. Kb1 Qc5 30. Rh2 Rfd8 31. Rg1 Qd4 32. c3 bxc3 33. Nf6+ Kh8 34. Nxh7 c2+ 35. Rxc2 Rab8+ 0-1

[Event "Anderssen Festival 2019"]
[Site "Wroclaw"]
[Date "2019.08.10"]
[Round "8.18"]
[White "Plichta, Krzysztof"]
[Black "Barbier, Astrid"]
[Result "0-1"]
[WhiteElo "1582"]
[BlackElo "1941"]
[Annotator "NA"]
[PlyCount "142"]
[EventDate "2019.08.05"]
[EventType "swiss"]
[EventCountry "POL"]
[SourceTitle "playchess.com"]
[Source "ChessBase"]
[SourceQuality "1"]
[TimeControl "40/5400+30:900+30"]

1. e4 {[%emt 0:00:00]} c5 {[%emt 0:00:00]} 2. Nc3 {[%emt 0:00:00]} a6 {[%emt 0:00:00]} 3. f4 {[%emt 0:00:00]} b5 {[%emt 0:00:23]} 4. Nf3 {[%emt 0:00:02]} Bb7 {[%emt 0:00:28]} 5. d3 {[%emt 0:00:13]} e6 {[%emt 0:00:56]} 6. g3 {[%emt 0:00:28]} d5 {[%emt 0:02:09]} 7. exd5 {[%emt 0:02:52]} exd5 {[%emt 0:00:54]} 8. Bg2 {[%emt 0:02:08]} Nf6 {[%emt 0:01:45]} 9. O-O {[%emt 0:00:59]} Be7 {[%emt 0:02:01]} 10. Ne2 {[%emt 0:04:16]} O-O {[%emt 0:01:55]} 11. b3 {[%emt 0:01:01]} Re8 {[%emt 0:07:22]} 12. c4 {[%emt 0:00:27]} Bf8 {[%emt 0:02:19]} 13. Nc3 {[%emt 0:03:14]} d4 {[%emt 0:07:41]} 14. Nb1 {[%emt 0:02:35]} Nbd7 {[%emt 0:02:47]} 15. Re1 {[%emt 0:02:01]} Qc7 {[%emt 0:01:08]} 16. Ne5 {[%emt 0:04:53]} Bxg2 {[%emt 0:03:49]} 17. Nxd7 {[%emt 0:00:40]} Qxd7 {[%emt 0:13:21]} 18. Kxg2 {[%emt 0:01:05]} Rxe1 {[%emt 0:00:45]} 19. Qxe1 {[%emt 0:00:16]} Re8 {[%emt 0:00:26]} 20. Qf1 {[%emt 0:02:14]} Ng4 {[%emt 0:04:54]} 21. h3 {[%emt 0:01:27]} Ne3+ {[%emt 0:02:59]} 22. Bxe3 {[%emt 0:00:12]} dxe3 {[%emt 0:03:32]} 23. Nc3 {[%emt 0:02:03]} Qd4 {[%emt 0:01:22]} 24. Rc1 {[%emt 0:04:06]} b4 {[%emt 0:03:17]} 25. Ne2 {[%emt 0:01:29]} Qxd3 {[%emt 0:01:53]} 26. Qd1 {[%emt 0:01:29]} Qe4+ {[%emt 0:00:43]} 27. Kg1 {[%emt 0:01:41]} Qe7 {[%emt 0:05:49]} 28. Qc2 {[%emt 0:03:28]} g6 {[%emt 0:01:37]} 29. Rd1 {[%emt 0:01:13]} Rd8 {[%emt 0:00:39]} 30. Rd5 {[%emt 0:00:49]} Bg7 {[%emt 0:05:17]} 31. Qd3 {[%emt 0:00:35]} Rxd5 {[%emt 0:00:52]} 32. cxd5 {[%emt 0:01:16]} Bd4 {[%emt 0:05:02]} 33. Kg2 {[%emt 0:01:51]} a5 {[%emt 0:00:57]} 34. Kf3 {[%emt 0:01:01]} Qd7 {[%emt 0:03:10]} 35. Qe4 {[%emt 0:01:32]} f5 {[%emt 0:01:51]} 36. Qe6+ {[%emt 0:01:25]} Qxe6 {[%emt 0:00:12]} 37. dxe6 {[%emt 0:00:06]} Kf8 {[%emt 0:00:45]} 38. Ng1 {[%emt 0:03:11]} Ke7 {[%emt 0:00:25]} 39. Ke2 {[%emt 0:00:32]} Kxe6 {[%emt 0:00:51]} 40. Kd3 {[%emt 0:00:00]} h6 {[%emt 0:00:00]} 41. Nf3 {[%emt 0:02:29]} Kf6 {[%emt 0:05:19]} 42. h4 {[%emt 0:00:57]} Ke6 {[%emt 0:00:55]} 43. Ng1 {[%emt 0:04:32]} Kd5 {[%emt 0:01:15]} 44. Ne2 {[%emt 0:00:31]} Bf6 {[%emt 0:02:31]} 45. Nc1 {[%emt 0:02:14]} g5 {[%emt 0:03:01]} 46. fxg5 {[%emt 0:01:02]} hxg5 {[%emt 0:00:08]} 47. h5 {[%emt 0:00:11]} f4 {[%emt 0:01:02]} 48. gxf4 {[%emt 0:01:30]} gxf4 {[%emt 0:00:08]} 49. Ne2 {[%emt 0:00:17]} f3 {[%emt 0:04:39]} 50. Nf4+ {[%emt 0:00:26]} Ke5 {[%emt 0:01:15]} 51. Ng6+ {[%emt 0:00:30]} Kf5 {[%emt 0:00:40]} 52. Kxe3 {[%emt 0:00:54]} Kg4 {[%emt 0:01:36]} 53. Kf2 {[%emt 0:00:51]} Bd4+ {[%emt 0:00:19]} 54. Kf1 {[%emt 0:00:24]} Kxh5 {[%emt 0:00:31]} 55. Ne7 {[%emt 0:00:53]} Kg4 {[%emt 0:00:53]} 56. Nc6 {[%emt 0:00:18]} Kf4 {[%emt 0:01:00]} 57. Nxa5 {[%emt 0:00:29]} Ke4 {[%emt 0:00:29]} 58. Nc4 {[%emt 0:01:30]} Kd3 {[%emt 0:01:00]} 59. a4 {[%emt 0:01:00]} bxa3 {[%emt 0:00:28]} 60. Nxa3 {[%emt 0:00:14]} Kc3 {[%emt 0:00:54]} 61. Nc4 {[%emt 0:00:49]} f2 {[%emt 0:00:30]} 62. Na5 {[%emt 0:00:39]} Kb4 {[%emt 0:01:01]} 63. Nc4 {[%emt 0:00:36]} Kxb3 {[%emt 0:00:34]} 64. Nd2+ {[%emt 0:00:11]} Kc3 {[%emt 0:00:38]} 65. Ke2 {[%emt 0:00:14]} c4 {[%emt 0:01:36]} 66. Nf3 {[%emt 0:00:28]} Ba7 {[%emt 0:00:56]} 67. Nd2 {[%emt 0:00:42]} Kb4 {[%emt 0:00:25]} 68. Kd1 {[%emt 0:00:24]} c3 {[%emt 0:00:28]} 69. Nf1 {[%emt 0:00:16]} Kb3 {[%emt 0:00:27]} 70. Kc1 {[%emt 0:00:16]} Bb8 {[%emt 0:00:53]} 71. Kb1 {[%emt 0:00:21]} c2+ {[%emt 0:00:16]} 0-1